| 000 | 00809nam a2200205Ia 4500 | ||
|---|---|---|---|
| 003 | GCL | ||
| 008 | 140319s9999 xx 000 0 ara d | ||
| 020 | _a0009829953 | ||
| 040 |
_aGCL / _cGCL |
||
| 082 | 0 | 4 |
_a813.009 _bع خ |
| 100 | 1 | _aعبدالقادر شرشار | |
| 245 | 1 | 0 |
_aخصائص الخطاب الادبى فى روواية الصراع العربى - الصهيونى : _bدراسة تحليلية / _cعبدالقادر شرشار |
| 250 | _aالاولى | ||
| 260 |
_aبيروت : _bمركز دراسات الوحدة العربية ، _c2005 |
||
| 300 |
_a207ص ؛ _c24سشم |
||
| 490 |
_aمركز دراسات الوحده العربية _v0 |
||
| 650 | 0 | 4 | _aالقصة العربية - تاريخ ونقد |
| 650 | 0 | 4 | _aالادب العربى - تاريخ ونقد |
| 942 |
_2ddc _cBK |
||
| 999 |
_c7718 _d7718 |
||